| 000 | 00477nam a2200169Ia 4500 | ||
|---|---|---|---|
| 999 |
_c35911 _d35911 |
||
| 003 | OSt | ||
| 005 | 20200602113746.0 | ||
| 008 | 190216s9999||||xx |||||||||||||| ||und|| | ||
| 020 | _a0198761015 | ||
| 040 | _coclc | ||
| 082 |
_a335.4 _bLUK/M |
||
| 100 |
_aLukes, Steven _92481 |
||
| 245 | 0 |
_aMarxism And Morality / _cSteven Lukes |
|
| 260 |
_bClarendon Press Oxford, _c1985. _aLondon: |
||
| 300 | _a163p | ||
| 942 |
_cREF _2ddc _h335.4 _iLUK/M _k335.4 _mLUK/M |
||